Hongrie ou Roumanie ? - Question à Choix multiple - Statistiques

Statistiques générales
  • Ce quiz a été pris 173 fois
  • Le résultat moyen est 12 sur 20
Statistiques - réponses
Question Réponse % Correct
Quel pays possède la région de Transylvanie ? Roumanie
95%
Quel pays contient du noir sur leur drapeau ? Aucun
92%
Quel pays a pour langue officielle une langue finno-ougrienne Hongrie
85%
Quel pays est le plus peuplé ? Roumanie
85%
Quel pays entretien une meilleure relation politique avec la Russie ? Hongrie
82%
Mais qui a le... Forint
79%
Et auparavant ? Hongrie
76%
Quel pays avait pour dernier roi Michel Ier ? Roumanie
73%
Dans quel pays se situe la Valachie ? Roumanie
72%
Quel pays a eu premier roi Étienne Ier ? (Ou Sainte Étienne) Hongrie
63%
Ou se situe les villes de Cluj-Napoca et Debrecen ? Roumanie et Hongrie
61%
Quel pays a le plus de site du patrimoine mondial de l'UNESCO ? Roumanie
59%
Quel pays a eu un régime communiste ? Les deux
57%
Pourquoi ce pays ne la plus ? Traité de Trianon
57%
Quel est le pays avec le plus gros PIB ? (en $) Roumanie
49%
Quel pays s'est fait envahir par l'URSS en 1956 ? Hongrie
34%
En quelle année ce traité a eu lieu 1920
29%
Quel pays n'a pas pour devise monétaire l'euro Hongrie
26%
Quel pays a perdu du territoire après la seconde guerre mondiale ? Roumanie
26%
Quel pays eut une personnalité ayant inspiré le personnage de Dracula ? Les deux
3%
Aucun quiz correspondant
Distribution des résultats
% des personnes avec chaque résultat
Percentile par nombre de réponses
Votre historique - résultats
Vous n’avez pas pris ce quiz